000 01072cam a2200289 a 4500
001 652803
003 ARRUPE
005 20131011020009.0
008 940520s1994 nyu b 001 0deng
010 _a 94021508
020 _a0824514505
040 _aDLC
_cDLC
_dDLC
050 0 0 _aBV5075
_b.M37 1994
100 1 _aMcGinn, Bernard,
_d1937-
_92244
245 1 4 _aThe growth of mysticism /
_cby Bernard McGinn.
260 _aNew York :
_bCrossroad,
_c1994.
300 _axv, 630 p. ;
_c24 cm.
490 1 _aThe presence of God ;
_vv. 2
504 _aIncludes bibliographical references (p. [601]-622) and indexes.
610 2 0 _aCatholic Church
_xDoctrines
_xHistory.
_92245
650 0 _aMysticism
_xHistory
_yMiddle Ages, 600-1500.
_92246
650 0 _aMysticism
_xCatholic Church
_xHistory.
_92247
800 1 _aMcGinn, Bernard,
_d1937-
_tPresence of God ;
_vv. 2.
_92248
906 _a7
_bcbc
_corignew
_d1
_eocip
_f19
_gy-gencatlg
942 _2lcc
_cMONOGRAPH
_01
999 _c118279
_d118279